Gilbert Gottfried Filmography - Statistics

General Stats
  • This quiz has been taken 16 times
    7 since last reset
  • The average score is 5 of 263
Answer Stats
Type Year Name % Correct
Film 1992 Aladdin
40%
TV Show 1994-1995 Aladdin
40%
Film 1990 Problem Child
40%
TV Show 1993-1994 Problem Child
40%
Music Video 1998 Problem Child
40%
TV Pilot 1980 The Further Adventures of Wally Brown
40%
Commercial 2000-2016 AFLAC
20%
Film 1994 Aladdin 2: The Return of Jafar
20%
Film 1996 Aladdin and the King of Thieves
20%
Film 1991 Problem Child 2
20%
TV Film 1995 Problem Child 3: Junior in Love
20%
TV Show 2019 SpongeBob SquarePants
20%
TV Special 2008 The Comedy Central Roast of Bob Saget
20%
TV Special 2010 The Comedy Central Roast of David Hasselhoff
20%
TV Special 2011 The Comedy Central Roast of Donald Trump
20%
TV Special 2009 The Comedy Central Roast of Joan Rivers
20%
TV Special 2012 The Comedy Central Roast of Roseanne
20%
Film 1994 Thumbelina
20%
TV Show 1989-1998 Up All Night
20%
TV Show 2009 30 Rock
0%
TV Pilot 2017 80s Creature House
0%
Film 2018 Abnormal Attraction
0%
TV Show 1992 A Different World
0%
TV Show 1998, 2000 Adventures from the Book of Virtues
0%
TV Show 1994 Adventures in Wonderland
0%
Video Game 1994 Aladdin Activity Center
0%
Video Game 2000 Aladdin in Nasira's Revenge
0%
TV Film 1995 Aladdin on Ice
0%
Short Film 1998 Aladdin's Arabian Adventures: Creatures of Invention
0%
Short Film 1998 Aladdin's Arabian Adventures: Fearless Friends
0%
Short Film 1995 Aladdin's Arabian Adventures: Magic Makers
0%
Short Film 1996 Aladdin's Arabian Adventures: Team Genie
0%
Video Game 2004 Aladdin's Magic Carpet Adventure
0%
Film 2014 A Million Ways to Die in the West
0%
TV Show 2014 Anger Management
0%
Film 2017 Animal Crackers
0%
Video Game 1999 Arcade Frenzy
0%
TV Show 1995 Are You Afraid of the Dark?
0%
Film 2004 A Series of Unfortunate Events
0%
Film 2020 A Wrestling Christmas Miracle
0%
TV Show 2009 Back at the Barnyard
0%
Film 2004 Back by Midnight
0%
Film 1985 Bad Medicine
0%
TV Show 2002 Bear in the Big Blue House
0%
TV Show 1994 Beavis and Butt-Head
0%
TV Show 2003 Becker
0%
Short Film 1996 Be Cool About Fire Safety
0%
Short Film 2013 Beecher Baby Bouncer
0%
Film 1987 Beverly Hills Cop II
0%
Film 1994 Blackman
0%
TV Show 1993, 1994 Bobby's World
0%
TV Show 1993 Bonkers
0%
Film 2018 Boy Band
0%
TV Show 1995 Bump in the Night
0%
TV Show 2017 Ca$h Cab
0%
TV Show 2002 Celebrity Deathmatch
0%
TV Show 2006 Celebrity Paranormal Project
0%
TV Show 2013 Celebrity Wife Swap
0%
TV Show 2000, 2001 Clerks
0%
TV Show 1996 Clueless
0%
Web Series 2011, 2012 CollegeHumor Originals
0%
TV Show 2002 Comedy Central Presents
0%
TV Show 1998 Cosby
0%
TV Show 2003 Crank Yankers
0%
TV Show 2018 Crashing
0%
Web Series 2019 Critters: A New Binge
0%
TV Show 2003 CSI: Crime Scene Investigation
0%
TV Show 2002-2022 Cyberchase
0%
Web Series 2015 Deadbeat
0%
Web Series 2016 Debate Wars
0%
TV Show 2000 Dilbert
0%
Music Video 2002 Dimelo
0%
Film 2016 Director's Cut
0%
Video Game 2019 Disney Dailies - What's Up? (Aladdin)
0%
Film 2007 Disney Princess Enchanted Tales: Follow Your Dreams
0%
TV Show 1998 Disney's Hercules: The Animated Series
0%
Video Game 1998 Disney's Math Quest with Aladdin
0%
Film 1998 Doctor Dolittle
0%
TV Show 1998 Dr. Katz, Professional Therapist
0%
TV Show 1995, 1996, 1997 Duckman: Private Dick/Family Man
0%
Commercial 2015 EAT24
0%
TV Show 2017 Episodes
0%
TV Film 1996 Escape from It's a Wonderful Life
0%
TV Show 2001, 2002 Fairly OddParents
0%
TV Show 2007, 2018, 2023 Family Guy
0%
Film 2006 Farce of the Penguins
0%
TV Show 2013 Fashion Police
0%
TV Show 2011 Food Network Star
0%
Commercial 1997 Frosted Cheerios
0%
Film 2004 Funky Monkey
0%
Film 2016 Gender Bender
0%
Documentary 2017 Gilbert
0%
Stand-Up Special 2005 Gilbert Gottfried: Dirty Jokes
0%
TV Special 1987 Gilbert Gottfried... Naturally
0%
Podcast 2014-2023 Gilbert Gottfried's Amazing Colossal Podcast
0%
Commercial 2003 GLAD
0%
Film 1999 Goosed
0%
TV Show 2013 Gotham Comedy Live
0%
TV Show 2005, 2006 Greg the Bunny
0%
TV Show 2008 Hannah Montana
0%
Film TBA Hassle at the Castle
0%
TV Show 1999 HBO Comedy Half-Hour
0%
TV Show 1994 Herman's Head
0%
Film 1991 Highway to Hell
0%
TV Show 2005 Hi-Jinks
0%
Web Series 2019 Historical Roasts
0%
TV Show 1998-2004 Hollywood Squares
0%
TV Show 2004 Home Movies
0%
TV Show 1995 Hope & Gloria
0%
Film 2016 Hospital Arrest
0%
Film 1988 Hot to Trot
0%
TV Show 2001-2002 House of Mouse
0%
Film 1994 House Party 3
0%
TV Show 1995 Howie Mandell's Sunny Skies
0%
Film 1997 How to Be a Player
0%
TV Show 2009 Hysterical Psycho
0%
Documentary Series 2003 I Love the '80s Strikes Back
0%
Web Series 2013 Insane Clown Posse Theater
0%
TV Show 1996 In the House
0%
Film 2009 Jack and the Beanstalk
0%
Film 2005 Jasmine's Enchanted Tales: Journey of a Princess
0%
Short Film 1999 Jasmine's Wish
0%
Documentary Series 2018 Jay Leno's Garage
0%
TV Show 1998 Jenny
0%
TV Show 1987, 1989, 2005 Just for Laughs
0%
TV Show 2016 Just for Laughs: All-Access
0%
TV Show 2017, 2018 Justice League Action
0%
Web Series 2021 Kamp Koral: SpongeBob's Under Years
0%
Web Series 2020 Karate Tortoise
0%
Commercial 1996 Kellogg's Pop-Tarts
0%
Video Game 2002 Kingdom Hearts
0%
Video Game 2014 Kingdom Hearts HD 2.5 Remix
0%
Video Game 2005 Kingdom Hearts II
0%
Video Game 2007 Kingdom Hearts II: Final Mix+
0%
Video Game 2010 Kingdom Hearts Re: coded
0%
TV Show 2007, 2008, 2014 Last Comic Standing
0%
TV Show 2017, 2018, 2019 Last Week Tonight with John Oliver
0%
TV Show 1993-2004 Late Night with Conan O'Brien
0%
TV Show 2011, 2012 Law & Order: Special Victims Unit
0%
Video Game 2014 LEGO Batman 3: Beyond Gotham
0%
Video Game 2018 LEGO DC Super-Villains
0%
TV Show 1994 Living Single
0%
Film 2001 Longshot
0%
Film 1990 Look Who's Talking Too
0%
TV Show 2013 Mad
0%
TV Show 1995 Mad About You
0%
TV Show 1997 MADtv
0%
Short Film 1996 Magic and Mystery
0%
TV Show 1995 Married... with Children
0%
Film 1997 Meet Wally Sparks
0%
Film 2001 Mickey's House of Villains
0%
Commercial 2001 Microsoft
0%
Film 2016 Midnight Show
0%
TV Show 2016 Mighty Magiswords
0%
Film 2011 Miss December
0%
Web Series 2010 M'larky
0%
TV Mini-Series 1991 Molson Canadian Comedy Releaf
0%
Film 2023 Mortal Kombat Legends: Cage Match
0%
TV Film 2013 Mrs Miracle: Miracle's Biggest Musical Adventure
0%
TV Show 2007 My Gym Partner's a Monkey
0%
Film 1988 Never on Tuesday
0%
TV Show 1991 Night Court
0%
TV Show 1998 Noddy
0%
TV Pilot 1987 Norman's Corner
0%
Web Series 2022 Paradise PD
0%
TV Show 2006 Penn & Teller: Bullsh*t!
0%
TV Show 2018 Penn & Teller: Fool Us
0%
TV Show 2003 Pet Star
0%
Music Video 1991 Pop Goes the Weasel
0%
TV Show 2003, 2004, 2021 Pyramid
0%
TV Show 2013 Rachael vs. Guy: Celebrity Cook-Off
0%
TV Show 2014 Randy Cunningham: 9th Grade Ninja
0%
TV Show 2010 Robotomy
0%
Film 2015 Rock Story
0%
TV Show 2023 Royal Crackers
0%
TV Show 1987 Saturday Live
0%
TV Show 1980-1981, 1998 Saturday Night Live
0%
TV Film 1994 Saved by the Bell: Wedding in Las Vegas
0%
TV Short 1991 Seeing Is Believing
0%
TV Film 1990 Seriously... Phil Collins
0%
TV Show 2008 Sesame Street
0%
TV Show 2009 Seth MacFarlane's Cavalcade of Cartoon Comedy
0%
TV Film 2016 Sharknado 4: The 4th Awakens
0%
TV Film 2017 Sharknado 5: Global Swarming
0%
Music Video 1994 She Drives Me Crazy
0%
TV Show 2004 Shorties Watchin' Shorties
0%
TV Show 1988 Showtime at the Apollo
0%
Film 2023 Shrek 2 Retold
0%
Film 1994 Silk Degrees
0%
TV Show 1993, 1994 Silk Stalkings
0%
TV Show 1998 Sin City Spectacular
0%
TV Show 2022 Smiling Friends
0%
Documentary Series 2022 Somebody Feed Phil
0%
TV Show 2001, 2002 Son of the Beach
0%
Video Game 2012 Sorcerers of the Magic Kingdom
0%
TV Show 2009 Star-ving
0%
TV Special 2020 Stephen Colbert's Election Night 2020: Democracy's Last Stand: Building Back America Great Again Better 2020
0%
Commercial 2000 Subway
0%
TV Show 1990 Superboy
0%
Short Film 2019 Super Gidget
0%
TV Show 1997, 1998 Superman: The Animated Series
0%
TV Show 2007-2018 Svengoolie
0%
TV Show 2014-2016 Teenage Mutant Ninja Turtles
0%
TV Show 2019 Teen Titans Go!
0%
Film 1990 The Adventures of Ford Fairlane
0%
Web Series 2019 The Adventures of Nick
0%
Film 2004 The Amazing Floydini
0%
TV Show 1992 The Amazing Live Sea-Monkeys
0%
Web Series 2019 The Angry Video Game Nerds
0%
TV Show 2013-2015 The Apprentice
0%
Film 2016 The Comedian
0%
TV Show 1987 The Cosby Show
0%
TV Show 2007 The Emperor's New School
0%
Music Video 1988 The Gas Face
0%
TV Show 2009 The Great Debate
0%
Short Film 2021 The Great Escape of Mr. Swag Boss
0%
Short Film 1995 The Greatest Treasure
0%
TV Show 2005 The Grim Adventures of Billy & Mandy
0%
TV Show 2013 The High Fructose Adventures of Annoying Orange
0%
Film 1984 The House of God
0%
TV Show 2015, 2016 The Jim Gaffigan Show
0%
Web Series 2021 The Kominsky Method
0%
Film 2006 The Last Request
0%
TV Film 2018 The Last Sharknado: It's About Time
0%
TV Show 2017, 2019, 2021 The Late Show with Stephen Colbert
0%
Web Series 2017 The Marvelous Mrs. Maisel
0%
TV Show 2022 The Masked Singer
0%
TV Short 2014 The Newbridge Tourism Board Presents: We're Newbridge We're Comin' to Get Ya!
0%
TV Show 1987 The Original Max Talking Headroom Show
0%
TV Show 2017 The Other F Word
0%
TV Show 1995 The Parent 'Hood
0%
TV Show 2023 The Patrick Star Show
0%
TV Show 2017 The President Show
0%
TV Show 1994 The Ren & Stimpy Show
0%
TV Show 2008 The Replacements
0%
Theater 2001 The Rocky Horror Show
0%
TV Show 1993 The State
0%
TV Show 1991 The Sunday Comics
0%
TV Show 2017 The Tom and Jerry Show
0%
TV Show 1998 The Tom Show
0%
TV Show 2004-2011 The Tonight Show with Jay Leno
0%
Film 2020 The Truth About Santa Claus
0%
TV Show 1995-1996 The Twisted Tales of Felix the Cat
0%
TV Show 1995 The Watcher
0%
TV Show 1997 The Weird Al Show
0%
Web Series 2016 Thingstarter
0%
TV Show 2010 'Til Death
0%
TV Show 1995 Timon & Pumbaa
0%
Short Film 1998 Titey
0%
TV Show 2021 Toon in with Me
0%
TV Show 1989 Totally Hidden Video
0%
TV Show 2020 Tournament of Laughs
0%
TV Show 2019 Treat Yourself
0%
Short Film 1996 True Hearts
0%
Film 2020 Unbelievable!!!!!
0%
TV Show 1999 V.I.P.
0%
TV Show 1997 Viva Variety
0%
TV Show 2016 What's Your F@#King Deal?!
0%
TV Show 1994, 1995 Wings
0%
TV Show 2010-2014 World's Dumbest
0%
Web Series 2019 Yo Mama
0%
Web Series 2021 You've Been Had! Celebrity Edition
0%
TV Show 2008 Z Rock
0%
No matching quizzes found
Score Distribution
Percent of People with Each Score
Percentile by Number Answered
Your Score History
You have not taken this quiz since the last reset